Statistiche per 12 Mesi in 15 Secondi

Clicka qui per fare il quiz!

Statistiche generali

  • Questo quiz è stato fatto 84.097 volte
  • Il punteggio medio è 7 su 12

Statistiche sulle risposte

mese% Corretto
gennaio
96%
febbraio
90%
marzo
88%
aprile
84%
maggio
78%
giugno
68%
luglio
56%
agosto
47%
settembre
33%
ottobre
22%
novembre
14%
dicembre
12%

Distribuzione punteggi

Percentile per numero di risposta

Percentuale di utenti per punteggio

I tuoi punteggi nel tempo

Non hai fatto questo quiz